Responses for Show #7057 - Tuesday, April 28, 2015

Greg Seroka game 4.

Contestants

[<< previous game]

Dani Cook, a librarian from Rancho Cucamonga, California

Salvatore Parente, a glazier from Sunrise, Florida

Greg Seroka, a chef from Steamboat Springs, Colorado (whose 3-day cash winnings total $79,800)

[next game >>]

Jeopardy! Round responses

MOUNTAIN HIGH
EAR, NOSE & THROAT
TRIOS
"BB" FUN
ON THE BACK OF THE BILL
(Alex: We're talkin' money.)
NOT AS GREAT AS PUSS IN BOOTS
(Puss in Boots: Hola, amigos! Let me tell you about some heroes who are great. But not as great as me--Puss in Boots.)
    $200 23
Vesuvius

Greg
    $200 18
Deep Throat

Greg
    $200 1
The Beastie Boys

Salvatore
    $200 6
a dumbbell

Greg
    $200 16
the Lincoln Memorial

Greg
    $200 11
Don Quixote

Dani
    $400 27
McKinley

Greg
    $400 19
The Bionic Woman

Salvatore
    $400 2
(Alex: Diana Ross and [*].)

The Supremes

Triple Stumper
    $400 7
a landlubber

Dani
    $400 17
(Dani: What is Monticello?)

the White House

GregDani
    $400 12
Zorro

Salvatore
    $600 28
Stone Mountain

Salvatore
    $600 20
nose tackle (or nose guard)

Salvatore
    $600 3
Destiny's Child

Greg
    $600 8
ebb

Salvatore
    $600 24
E pluribus unum

Greg
    $600 13
(Alex: My name is [*].)

Inigo Montoya

Dani
    $800 29
[The end-of-round signal sounds.]

Mount St. Helens

Greg
    $800 21
the stirrup

Greg
    $800 4
Green Day

Salvatore
    $800 9
a fibber

Greg
    $4,000 25
(Alex: Well done, with less than a minute to go now.)

the Treasury Building

Greg
    $800 14
d'Artagnan

Dani
    $1000 22
singing

Dani
    $1000 5
Blink-182

Salvatore
    $1000 10
(Alex: Don't [*] with me now. Accept our response.)

quibble

Triple Stumper
    $1000 26
the Continental Congress

Greg
    $1000 15
(Alex: And I want to thank DreamWorks for helping us with that category. The way they were able to come up with that Puss worries me. If they can do that, they can create a host!)

El Cid

Salvatore

Scores at the first commercial break (after clue 15):

Greg Salvatore Dani
$1,600 $4,000 $2,000

Scores at the end of the Jeopardy! Round:

Greg Salvatore Dani
$10,200 $5,600 $2,600

Double Jeopardy! Round responses

CZECH COMPOSERS
2 SYLLABLES, 2 SYLLABLES
WHERE YA FROM?
MONTY OR MONTGOMERY
IMPERIALIST
RUNNING DOGS
    $400 26
folk

Dani
    $400 1
(Salvatore: What is hard rock?)

heavy metal

GregSalvatore
    $400 11
Israel

Dani
    $400 6
Monty Python

Greg
    $400 18
Berlin

Greg
    $400 15
greyhounds

Dani
    $800 28
(Alex: Be a little more specific. We'll accept that, though.)

clowns (circus performers accepted)

Greg
    $800 2
simple machines

Greg
    $800 12
Monaco

Dani
    $800 7
Monty Burns

Greg
    $4,000 19
Vietnam, Cambodia & Laos

Greg
    $800 16
a whippet

Greg
    $1200 29
[The end-of-round signal sounds.]

a funeral march

Greg
    $1200 3
hanging around

Greg
    $3,000 13
(Dani: What is... London?)

Newcastle

Dani
    $1200 8
Montgomery Clift

Dani
    $1200 20
the Zulu

Dani
    $1200 17
the Jack Russell terrier

Greg
    $1600 4
seventh heaven

Triple Stumper
    $1600 14
(Alex: On the East Coast. [*].)

Nova Scotia

Triple Stumper
    $1600 9
Monty Hall

Dani
    $1600 23
Kipling

Salvatore
    $1600 21
the Rhodesian ridgeback

Dani
    $2000 27
the Bohemian

Greg
    $2000 5
the major axis

Triple Stumper
    $2000 25
(Alex: One category still in play with a minute to go.)

Bermuda

Triple Stumper
    $2000 10
Elizabeth Montgomery

Dani
    $2000 24
(Salvatore: What is a protectorate?)
...
(Alex: Looking for a 7-letter term, and that word is [*].)

mandate

Salvatore
Triple Stumper
    $2000 22
a Malamute

Salvatore

Scores at the end of the Double Jeopardy! Round:

Greg Salvatore Dani
$24,200 $6,800 $9,200
(lock game)

[wagering suggestions for these scores]

Final Jeopardy! Round responses

MOVIES & TV
(Alex: [Imitating the Church Lady] It's very special.)
SalvatoreWhat is Wayne's World
$2,401
DaniWhat is Wayne's World?
$2,500
GregWhat is Wayne's World?
$4,200
Wayne's World

Final scores:

Greg Salvatore Dani
$28,400 $9,201 $11,700
4-day champion: $108,200 3rd place: $1,000 2nd place: $2,000

Game dynamics:

Coryat scores:

Greg Salvatore Dani
$17,800 $6,800 $12,200
25 R
(including 2 DDs),
0 W
11 R,
2 W
14 R,
2 W
(including 1 DD)

Combined Coryat: $36,800

[game clues] [game scores] [suggest correction]

Game tape date: Unknown
The J! Archive is created by fans, for fans. Scraping, republication, monetization, and malicious use prohibited; this site may use cookies and collect identifying information. See terms. The Jeopardy! game show and all elements thereof, including but not limited to copyright and trademark thereto, are the property of Jeopardy Productions, Inc. and are protected under law. This website is not affiliated with, sponsored by, or operated by Jeopardy Productions, Inc. Join the discussion at JBoard.tv.